Thérèse philosophe /

সংরক্ষণ করুন:
গ্রন্থ-পঞ্জীর বিবরন
প্রধান লেখক: Diderot, Denis (সন্দেহজনক লেখক), Argens, Jean-Baptiste : de Boyer, marquis d' (সন্দেহজনক লেখক), Montigny, Xavier : d'Arles de (সন্দেহজনক লেখক)
অন্যান্য লেখক: Reim, Riccardo (সম্পাদক), Borel, Antoine (শিল্পী), Vaccaro, Maria Romana (অনুবাদক)
বিন্যাস: গ্রন্থ
ভাষা:ইতালিয়
প্রকাশিত: Roma : Basaia, 1984
মালা:Erotica gotica ; 1
ট্যাগগুলো: ট্যাগ যুক্ত করুন
কোনো ট্যাগ নেই, প্রথমজন হিসাবে ট্যাগ করুন!

MARC

LEADER 00000nam a22000007i 4500
001 IT\ICCU\CFI\0079818
003 ItRI
005 20250726152359.0
008 881212s1984 it |||||| ||||| |||||c
040 |b ita  |c ct 
041 7 |a ita  |2 ISO-639-2 
082 |a 843.5  |2 11 
130 0 |a Thérèse philosophe. - 
245 0 0 |a Thérèse philosophe /  |c (attribuito a) Denis Diderot ; a cura di Riccardo Reim. 
260 |a Roma :  |b Basaia,  |c 1984 
300 |a 105 p., [10] carte di tav. :  |b ill. ;  |c 21 cm 
500 |a Traduzione di Riccardo Reim, Maria Romana Vaccaro 
500 |a Attribuito anche a Jean Baptiste de Boyer marquis d'Argens, Xavier d'Arles de Montigny 
500 |a Segue: Immagini erotiche di Borel 
500 |a <in italiano> 
700 1 |a Diderot, Denis  |0 IT\ICCU\CFIV\006225  |4 dub 
700 1 |a Reim, Riccardo  |0 IT\ICCU\CFIV\012470  |4 edt 
700 1 |a Borel, Antoine  |0 IT\ICCU\CFIV\045074  |4 art 
700 1 |a Argens, Jean-Baptiste : de Boyer, marquis d'  |0 IT\ICCU\CFIV\050490  |4 dub 
700 1 |a Montigny, Xavier : d'Arles de  |0 IT\ICCU\CFIV\050491  |4 dub 
700 1 |a Vaccaro, Maria Romana  |0 IT\ICCU\PISV\018577  |4 trl 
752 |a it   |d Roma 
830 0 |a Erotica gotica ;  |v 1  |0 IT\ICCU\CFI\0070962 
942 |2 ddc  |c BK 
952 |0 0  |1 0  |2 ddc  |4 0  |6 B_LNR02DIDDETHE11  |7 0  |9 8420  |a MI  |b MI  |d 1987-07-16  |i 332  |l 0  |o B-LNR02-DIDDE-THE11  |p CDOM332  |r 2025-07-17 21:50:26  |w 2025-07-17  |x ACQUISTO  |y BK 
981 1 |6 z01  |a i   |b xxxe  
982 1 |6 z01  |a n 
999 |c 7008  |d 7008